| 000 | 01159nam a2200325Ia 4500 | ||
|---|---|---|---|
| 008 | 160803s9999 xx 000 0 und d | ||
| 020 | _a9780545569910 | ||
| 100 | _aRosenstock, Barb | ||
| 245 | 4 | _aThe camping trip that changed America : | |
| 245 | _bTheodore Roosevelt, John Muir, and our national parks / | ||
| 245 | _cby Barb Rosenstock ; illustrated by Mordicai Gerstein. | ||
| 260 | _aNew York : | ||
| 260 | _bScholastic Inc. | ||
| 260 | _c2012 | ||
| 300 | _a1 volume (unpaged) : | ||
| 300 | _bcolor illustrations ; | ||
| 300 | _c 28 cm | ||
| 440 | _aReady-to-go classroom library., Grade 3 | ||
| 650 | _aEnvironmentalism -- United States -- History -- | ||
| 650 | _aMuir, John, -- 1838-1914 -- | ||
| 650 | _aNational parks and reserves -- United States -- History -- | ||
| 650 | _aRoosevelt, Theodore, -- 1858-1919 -- Travel -- California -- Yosemite Valley -- | ||
| 650 | _aYosemite National Park (Calif.) -- History -- | ||
| 650 | _xJuvenile literature. | ||
| 650 | _xJuvenile literature. | ||
| 650 | _xJuvenile literature. | ||
| 650 | _xJuvenile literature. | ||
| 650 | _xJuvenile literature. | ||
| 700 | _a740 | ||
| 999 |
_c299960 _d299960 |
||